000 00590cab a2200241 4500
001 WB3534-38
008 090401t1999 xxu||||| |||| 00| 0 eng d
035 _a(Sirsi) u108
041 _aeng
245 _aTowards a new direction for agriculture
260 _c1999
350 _a0
490 _aMAFF News Release
_v(292) 26 August 1999 (2)
650 _aAGENDA 2000
650 _aAGRICULTURE
650 _aCAP REFORM
650 _aCOMMON AGRICULTURAL POLICY
650 _aCONSULTATION PAPERS
650 _aFARMING
690 _aRURAL PRACTICE
942 _n0
948 _c01/09/1999
999 _c38
_d38